| 000 | 00848nam a2200205Ia 4500 | ||
|---|---|---|---|
| 003 | IN-BaIIA | ||
| 008 | 211028s9999 xx 000 0 eng d | ||
| 020 | _a978-0-521-66310-6 | ||
| 040 | _cIIA Library | ||
| 080 |
_a92:53 _bFRO |
||
| 245 | 0 |
_aFrom Newton to Hawking _ba history of Cambridge University's Lucasian Professors of mathematics _cedited by Kevin C. Knox and Richard Noakes |
|
| 260 |
_aCambridge _bCambridge University Press _c2003 |
||
| 300 | _axxiv, 486p. | ||
| 650 |
_aMathematicians - England - Biography _928776 |
||
| 650 |
_aPhysicists - England - Biography _928777 |
||
| 650 |
_aUniversity of Cambridge of applied mathematics and theoretical physics - Faculty - Biography _928778 |
||
| 700 |
_aKnox, Kevin C., ed. _928779 |
||
| 700 |
_aNoakes, Richard., ed. _928780 |
||
| 942 | _cBK | ||
| 999 |
_c15612 _d15612 |
||